Loading...
Beauty is a wound /
| Main Author: | |
|---|---|
| Language: | Undetermined |
| Published: |
London :
Pushkin Press ,
2015.
|
| LEADER | 00516nam a2200157Ia 4500 | ||
|---|---|---|---|
| 001 | 195731 | ||
| 008 | 170722s9999 xx 000 0 und d | ||
| 020 | |a 9781782272434 | ||
| 100 | |a Kurniawan, Eka | ||
| 245 | |a Beauty is a wound / | ||
| 260 | |a London : |b Pushkin Press , |c 2015. | ||
| 300 | |a 470 p. | ||
| 923 | |d 20170204 |n MBC-1605/1 | ||
| 942 | |c GEN | ||
| 999 | |c 156521 |d 156521 | ||
| 952 | |0 0 |1 0 |4 0 |6 O_4353NKUB_Q5 |7 0 |9 219607 |a LIB |b LIB |d 2017-02-09 |e Modern Book Centre |l 6 |o O435,3NKU,B -Q5 |p 303482 |r 2019-12-26 |s 2019-12-13 |w 2017-08-12 |y GEN | ||